00762nam a2200217 a 450000100100000000500170001000800410002702000150006804000250008308200190010810000400012724500710016726000440023830000210028265000260030365000300032970000360035904900090039595201230040499900170052700001981920200929170142.0100707s1974 sp r 000 f spa d a8402039324 aDO-SdBNPbspacBNPHU a843.914bP944m1 aPrévost, Abate,d1697-176394229710aManon Lescaut /cAbate Prévost ; traducción J. A. Vidal Sales. aBarcelona :bEditorial Bruguera,c1974. a221 p. ;c20 cm. 4aNovela francesa91075 4aLiteratura francesa910741 aVidal Sales, J. A.,etr.942298 aBNGR 001054708MOaGRbGRcCTd2010-07-07iLF1l0o843.914 P944mp19819-10r2020-06-25w2020-06-25y4ZPréstamo en sala c19332d19332